Towards economic independence (Record no. 60065)

MARC details
000 -LEADER
fixed length control field 00577nam a2200157 a 4500
008 - FIXED-LENGTH DATA ELEMENTS--GENERAL INFORMATION
fixed length control field 120416s1971 ||||||||||||||||| || u
020 ## - INTERNATIONAL STANDARD BOOK NUMBER
International Standard Book Number 0321096619
050 ## - LIBRARY OF CONGRESS CALL NUMBER
Classification number HD 9539.C7 Fab
100 ## - MAIN ENTRY--PERSONAL NAME
Personal name Faber, M. L. O
245 10 - TITLE STATEMENT
Title Towards economic independence
246 ## - VARYING FORM OF TITLE
Title proper/short title papers on the nationalization of the Copper Industry in Zambia
260 ## - PUBLICATION, DISTRIBUTION, ETC.
Place of publication, distribution, etc. Cambridge
Name of publisher, distributor, etc. The University Press
Date of publication, distribution, etc. 1971
300 ## - PHYSICAL DESCRIPTION
Extent x, 134p. : ill.
350 ## - PRICE (NR) (BK AM CF MU VM SE) [OBSOLETE]
Price 0.00
995 ## - RECOMMENDATION 995 [LOCAL, UNIMARC FRANCE]
-- 0.00
-- CBU-MAIN LIBRARY (Kitwe)
-- 1
-- 1.20
-- 1
-- AVAILABLE
-- Zambiana Collection
Holdings
Withdrawn status Lost status Source of classification or shelving scheme Damaged status Not for loan Home library Current library Shelving location Date acquired Total Checkouts Full call number Barcode Date last seen Price effective from Koha item type
          CBU-MAIN LIBRARY, KITWE. CBU-MAIN LIBRARY, KITWE.   11/30/2022   HD 9539.C7 Fab 024230 11/30/2022 11/30/2022 MONOGRAPH